书目信息 |
| 题名: |
有趣得让人睡不着的基因
|
|
| 作者: | 竹内熏 , 丸山笃史 著 ;刘子璨 译 | |
| 分册: | ||
| 出版信息: | 北京 北京时代华文书局 2021.4 |
|
| 页数: | 228页 | |
| 开本: | 21cm | |
| 丛书名: | ||
| 单 册: | ||
| 中图分类: | Q343.1 | |
| 科图分类: | ||
| 主题词: | 基因--普及读物 | |
| 电子资源: | ||
| ISBN: | 978-7-5699-4006-0 | |
| 000 | 00846nam0 2200253 45 | |
| 001 | 012001001134 | |
| 005 | 20140913080836.0 | |
| 010 | @a978-7-5699-4006-0@dCNY45.80 | |
| 100 | @a20210423d2021 em y0chiy50 ea | |
| 101 | 1 | @achi@cjpn |
| 102 | @aCN@b110000 | |
| 105 | @aa z 000yy | |
| 106 | @ar | |
| 200 | 1 | @a有趣得让人睡不着的基因@Ayou qu de rang ren shui bu zhao de ji yin@b专著@f(日)竹内熏, 丸山笃史著@g刘子璨译 |
| 210 | @a北京@c北京时代华文书局@d2021.4 | |
| 215 | @a228页@c图@d21cm | |
| 330 | @a本书以简明易懂的、风趣幽默的形式来向大家介绍从起源到新研究的各种遗传相关的趣话。 | |
| 606 | 0 | @a基因@j普及读物 |
| 690 | @aQ343.1@v5 | |
| 701 | 0 | @c(日)@a竹内熏@Azhu nei xun@4著 |
| 701 | 0 | @c(日)@a丸山笃史@Awan shan du shi@4著 |
| 702 | 0 | @a刘子璨@Aliu zi can@4译 |
| 801 | 0 | @aCN@bBJSDL@c20211011 |
| 905 | @b1333180-3@dQ343.1@e98@f4 | |
| 有趣得让人睡不着的基因/(日)竹内熏, 丸山笃史著/刘子璨译.-北京:北京时代华文书局,2021.4 |
| 228页:图;21cm |
| ISBN 978-7-5699-4006-0:CNY45.80 |
| 本书以简明易懂的、风趣幽默的形式来向大家介绍从起源到新研究的各种遗传相关的趣话。 |
| ● |
| 相关链接 |
|
|
|
|
正题名:有趣得让人睡不着的基因
索取号:Q343.1/98
 
预约/预借
| 序号 | 登录号 | 条形码 | 馆藏地/架位号 | 状态 | 备注 |
| 1 | 1333180 | 213331802 | 第二样本阅览室/ [索取号:Q343.1/98] | 在馆 | |
| 2 | 1333181 | 213331811 | 第三借阅区/ [索取号:Q343.1/98] | 在馆 | |
| 3 | 1333182 | 213331820 | 第三借阅区/ [索取号:Q343.1/98] | 在馆 | |
| 4 | 1333183 | 213331839 | 第三借阅区/ [索取号:Q343.1/98] | 在馆 |